| 000 | 01053njm a22002897a 4500 | ||
|---|---|---|---|
| 005 | 20100914152621.0 | ||
| 007 | sd ammalaaahaa | ||
| 008 | 100913t xxu||||| |||| 00| 0 hin d | ||
| 028 |
_aS/ MOCE 2020 _bODEON |
||
| 035 | _aGR-05758 | ||
| 040 | _aSED/VEN | ||
| 100 |
_aRagi, Gopal Singh _91184 |
||
| 245 |
_aBahi Gopal Singh Ragi / _cby Gopal Singh ; Music by K S Narula _h[sound recording] : |
||
| 246 | _aਬਹਿ ਗੋਪਾਲ ਸਿੰਘ ਰਾਗੀ / | ||
| 260 |
_aDum Dum India _bODEON _c1972 |
||
| 300 |
_a1 sound disc [Gramophone record] : _banalog, 33 1/3 rpm _c12.5 in. (LP) _fGramophone Record |
||
| 500 | _aBrief Record | ||
| 500 | _aRecord label :ODEON,Black | ||
| 505 | _aSide 1 Mera mujh meh kich nahi Side 2 Khalsa mero roop hai khas | ||
| 600 |
_aGopal Singh Ragi _919992 |
||
| 650 |
_aPunjabi Folk _xExcerpts _zIndia _919603 |
||
| 700 |
_919605 _aNarula, K S |
||
| 700 | _920913 | ||
| 700 | _920914 | ||
| 942 |
_2ddc _cGR |
||
| 999 |
_c47339 _d47339 |
||